000 00439nam a2200169 i 4500
001 bg
100 1 _aESCHELBACH, Rudolf
245 0 _aTaschenbuch der metallischen Werkstoffe /
_cR. Eschelbach, J. Agst, K. Sczimarowsky.
260 _aStuttgart,
_c1969.
700 1 _aAGST, Joachim
700 1 _aSCZIMAROWSKY, Klaus
040 _cBPK
041 _apol
080 _a669.017
942 _cKS
008 s pl f |000 0 pol
999 _c8493
_d8493
856 _uhttp://koha.tu.koszalin.pl/cgi-bin/koha/opac-detail.pl?biblionumber=8493
_yKatalog online BPK